00359 2200145 4500001002100000005001500021035002000036245005300056100002900109300001200138260002900150082000800179084001400187990001200201INLIS00000000000241520250604084040 a0010-06250000011 aPenyembuhan Nonmedis /cTim Penerbit Buku Kompos0 aTim Penerbit Buku Kompos a227 hlm aJakarta :bKompas,c2001 a600 a600 TIM p a0712276